The philosophy of envy /

Bibliographic Details
Main Author: Protasi, Sara, 1978- (Author)
Format: Book
Language:English
Published: Cambridge ; New York : Cambridge University Press, [2021]
Subjects:

MARC

Tag First Indicator Second Indicator Subfields
LEADER 00000cam a2200000 i 4500
001 in00004359213
005 20220105170214.0
008 201231t20212021enka b 001 0 eng
010 |a  2020057996 
020 |a 9781316519172  |q hardcover 
020 |a 1316519171  |q hardcover 
020 |a 9781009001717  |q paperback 
020 |a 100900171X  |q paperback 
020 |z 9781009007023  |q electronic publication 
035 |a (OCoLC)on1230250012 
040 |a DLC  |e rda  |c DLC  |d UtOrBLW 
049 |a TXAM 
050 0 0 |a BJ1535.E57  |b P76 2021 
082 0 0 |a 179/.8  |2 23 
100 1 |a Protasi, Sara,  |d 1978-  |e author.  |0 http://id.loc.gov/authorities/names/n2020071825 
245 1 4 |a The philosophy of envy /  |c Sara Protasi, University of Puget Sound. 
264 1 |a Cambridge ;  |a New York :  |b Cambridge University Press,  |c [2021] 
264 4 |c ©2021 
300 |a xv, 247 pages :  |b illustrations ;  |c 24 cm. 
336 |a text  |b txt  |2 rdacontent 
336 |a still image  |b sti  |2 rdacontent 
337 |a unmediated  |b n  |2 rdamedia 
338 |a volume  |b nc  |2 rdacarrier 
504 |a Includes bibliographical references (pages 215-233) and index. 
505 0 |a What is envy? -- Varieties of envy -- The value of envy -- Love and envy, two sides of the same coin -- Political envy. 
650 0 |a Envy.  |0 http://id.loc.gov/authorities/subjects/sh85044217 
650 0 |a Ethics.  |0 http://id.loc.gov/authorities/subjects/sh85045096 
650 0 |a Social psychology.  |0 http://id.loc.gov/authorities/subjects/sh85123994 
945 |b 60495 
947 |a A14851659111 
948 |a cataloged  |b h  |c 2021/11/05  |d c  |e dmitchel  |f 8:10:20 AM 
994 |a 92  |b TXA 
999 f f |s b0f27d76-1047-3c6a-873f-4cbde80d64e7  |i 61fd6041-eede-3d57-bdaa-1daaba16c6d3  |t 0 
952 f f |p normal  |a Texas A&M University  |b College Station  |c Sterling C. Evans Library  |d Evans: Library Stacks  |t 0  |e BJ1535.E57 P76 2021  |h Library of Congress classification  |i unmediated -- volume  |m A14851659111 
998 f f |a BJ1535.E57 P76 2021  |t 0  |l Evans: Library Stacks